| 000 | 00504nam a2200145 a 4500 | ||
|---|---|---|---|
| 001 | 1129 | ||
| 003 | CDMR | ||
| 005 | 20130403103714.0 | ||
| 008 | 130130s2007||||||||||||||||||||||||||||d | ||
| 040 |
_aCDMR _bcat _cCDMR |
||
| 111 | 2 |
_aJornades de l'Observatori _cBarcelona _d2006 _n9enes _9885 |
|
| 245 | 1 | 4 |
_aEls Treballs del Naos _b: les cultures pedagògiques de la comunicació VI |
| 260 |
_aBarcelona _c2007 _bObservatori Europeu de la Televisió Infantil. Comissionat de les Arts Audiovisuals |
||
| 942 |
_cMON _2udc |
||
| 999 |
_c1129 _d1129 |
||